00544nam a22001695a 450000100060000000300060000600500170001200800410002901000170007002000310008704000180011808200150013610000180015124501310016926000580030030000160035814150GBCCL20241126110641.0850905|1985 ||| 000 0 eng  a 85200607  a0801034221 (pbk.) :c$7.95 aDLCcDLCdDLC a268.6bEAR1 aEarle, Ralph.10aPeloubet's notes, 1985-1986 :bbased on the international Bible lessons for Christian living uniform series /cby Ralph Earle. aGrand Rapids, Mich. :bBaker Book House,cc1981-1984. av. ; 23 cm.